Su majestad

Salvato in:
Dettagli Bibliografici
Autore principale: Lavedán, Enrique (Autore)
Natura: Libro
Lingua:spagnolo
Pubblicazione: Barcelona E. Domenech 1911
Soggetti:
Tags: Aggiungi Tag
Nessun Tag, puoi essere il primo ad aggiungerne!!

MARC

LEADER 00000nam a2200000 a 4500
001 UCZ5055
003 CL-VaPUC
008 951116e19110000SP |||||||||||||||||spa|d
082 0 4 |a 843  |b LAV  |2 21 
100 0 |a Lavedán, Enrique  |e author  |9 349008 
245 1 0 |a Su majestad 
300 |a 252 p 
942 |c BK 
945 |d 19951116 00:00:00  |a rleighto 
260 |a Barcelona  |b E. Domenech  |c 1911 
650 0 |a Novela francesa  |9 264985 
583 |a last modification  |c 19951116 00:00:00  |k Rodrigo Vera 
999 |c 241383  |d 241381 
952 |0 0  |1 0  |4 0  |6 843_000000000000000_LAV_1911  |7 0  |8 A  |9 253688  |a BIBEDU  |b BIBEDU  |d 2019-11-19  |i 3149188  |o 843 LAV 1911  |p 3149188  |r 2019-11-19  |w 2019-11-19  |y BK  |k LIT